The conflict of laws /

Saved in:
书目详细资料
主要作者: Briggs, Adrian
格式: 图书
出版: Oxford : Oxford University Press, c2008.
版:2nd ed.
主题:
标签: 添加标签
没有标签, 成为第一个标记此记录!

MARC

LEADER 00000cam a22000004a 4500
020 |a 9780199539666   |c TZS 45,435/= 
040 |a MUL  |b eng  |e AACR 
082 |a 340.9 BRI 
100 1 |a Briggs, Adrian. 
245 1 4 |a The conflict of laws /  |c Adrian Briggs. 
250 |a 2nd ed. 
260 |a Oxford :  |b Oxford University Press,  |c c2008. 
300 |a xxxv, 287 p. ;  |c 23 cm. 
500 |a Includes bibliographical references and index. 
546 |a eng 
650 0 |a Conflict of laws  |z Great Britain. 
942 |c BK 
999 |c 9778  |d 9778